Score 0/38 Timer 05:00
0 Plays Today
Clue Answer % Correct
Dog woofsBARKS
94.6%
Put pen to paperWRITE
89%
Partner of trick, on HalloweenTREAT
88.8%
Word before Dane or ExpectationsGREAT
87.8%
Tackles the quarterbackSACKS
86.4%
Is genuinely interested in one's welfareCARES
85.9%
ExposesBARES
85.7%
DesiresWANTS
85.1%
Time _____ for no manWAITS
85%
Supports for elected officeBACKS
82.9%
Gets smaller, like the moonWANES
82.3%
Walking supportsCANES
82.2%
Where spelunkers exploreCAVES
81.7%
Lite-_____ (Hasbro light box toy)BRITE
80.9%
Formal orders, in lawWRITS
80.8%
Goldman _____SACHS
79.1%
Cod and Good HopeCAPES
77.6%
Small bays or inletsCOVES
76.9%
Et tu, _____?BRUTE
72.9%
Clue Answer % Correct
Group of witchesCOVEN
71.5%
What a bad winner doesGLOAT
64.7%
Council of _____, 16th c. Catholic conferenceTRENT
63.1%
To puff up or expand, like a bellyBLOAT
62.5%
With [rung 12] + [rung 38], star of Da Ali G Show•SACHA•
61.5%
With [rung 1] + [rung 38], star of Da Ali G Show•BARON•
61.2%
Sportscaster Musberger or Star Trek actor SpinerBRENT
61.2%
It precedes carbon on the periodic tableBORON
61.1%
With [rung 1] + [rung 12], star of Da Ali G Show•COHEN•
60.3%
Main impact of a blowBRUNT
55%
Old English coinGROAT
54.9%
Show displeasure toward a performer (2 words)BOO AT
50%
Recurring character on Da Ali G Show•BORAT•
47.9%
Guitar neck attachmentsCAPOS
47.5%
Leslie who starred in 'Gigi'CARON
46.9%
Stuffed bird for the dinnertableCAPON
43.6%
Recurring character on Da Ali G Show•BRÜNO•
43%
Muay _____ (Thai martial art)BORAN
42%
Clumsy or crude, in SpanishBRUTO
40.4%

Today's Daily Dose

Missing Word
Boxers

Quick Pick
Rise or Fall?

Get the Picture
A ‘B’ in Disney

You're not logged in!

Compare scores with friends on all Sporcle quizzes.
OR
Log In

Sporcle TV

Today on Sporcle TV


Watch our educational content, quiz creation guides, and fun videos on Sporcle TV.

Show Comments

Extras

Top Quizzes Today


Score Distribution

Paid Content

Your Account Isn't Verified!

In order to create a playlist on Sporcle, you need to verify the email address you used during registration. Go to your Sporcle Settings to finish the process.

Report this User

Report this user for behavior that violates our Community Guidelines.

Details: